1993 1532 1443 1246 1109 1627 1557 1624 1972 1420 1754 1716 1372 1099 1640 1531 1919 1365 1159 1170 1895 1373 1887 1490 1096 1297 1199 1790 1607 1617 1363 1879 1211 1644 1855 1639 1611 1201 1010 1356 1602 1956 1666 1373 1635 1520 1138 1280 1643 1720 1739 1246 1372 1848 1139 1488 1858 1542 1189 1797 1906 1823 1715 1392 1027 1854 1471 1116 1547 1225 1168 1428 1156 1549 1886 1170 1662 1834 1096 1735 1338 1890 1689 1653 1970 1923 1591 1162 1320 1093 1057 1997 1256 1096 1055 1476 1419 1203 1372 BCNSPRNW ULIB Ver.6.0+V

เปลี่ยนเป็นภาษาไทย

Change to English
 แสดงรายละเอียดบรรณานุกรม
  กลับหน้าหลัก

Brief Record : Get Marc (ISO 2709) : E-mail record : QR code < ปิดหน้าต่าง
LEADER : 00000nam 2200000uu 4500
001    13399112152
003     ULIB
008    110627s2553||||th 000 0 tha d
020    9786165000512
090    นว.^bก832ม 2553
100 0  เก้าแต้ม
245 00 มายาร้อยใจ/^cเก้าแต้ม
250    พิมพ์ครั้งที่ 2
260    กรุงเทพฯ :^bพิมพ์คำ,^c2553
300    413 หน้า
710 1  พิมพ์คำ
945    ^p260^l0^i028051
995    ทศพร
999 ^a ใช้งานได้ทุกระบบ
รายการนี้ยังไม่มีแท็ก
คุณยังไม่ได้ล็อกอิน คุณสามารถมีกิจกรรมร่วมกับเว็บไซต์ได้ แต่ต้องล็อกอินก่อน ::
  ล็อกอิน

รายการสื่อสารสนเทศ

ลำดับที่ ประเภท เลขเรียก/บาร์โค้ด สถานที่ สถานะ
- ไม่พบข้อมูล -

รายการใกล้เคียง
    ผู้แต่ง [เก้าแต้ม]

BibComment


ยังไม่เคยถูกคอมเมนท์

คอมเมนท์ทรัพยากรรายการนี้
  คอมเมนท์: มายาร้อยใจ เก้าแต้ม


 Copyright 2026. Bcnsprnw @Library